000
00204 a2200097 4500
001
29318
100
_a
Harper, W M
245
_a
Management Accounting
260
_a
_b
Macdonald
_c
090
_c
19535
_d
19535
942
_a
NUST-CAE
_c
M
_c
10597
999
_c
264391
_d
264391